Pokemon that start with a vowel - Statistics

General Stats
  • This quiz has been taken 117 times
    88 since last reset
  • The average score is 61 of 105
Answer Stats
Type Gen Pokemon % Correct
Psychic 1 Abra
86%
Psychic 1 Alakazam
86%
Dark 2 Umbreon
86%
Grass-Psychic 1 Exeggcute
83%
Grass-Psychic 1 Exeggutor
83%
Normal 1 Eevee
81%
Psychic 2 Espeon
81%
Ice-Flying 1 Articuno
78%
Grass-Poison 1 Ivysaur
78%
Rock-Water 1 Omastar
78%
Rock-Ground 1 Onix
78%
Fire 1 Arcanine
75%
Electric 1 Electabuzz
75%
Grass-Poison 1 Oddish
75%
Rock-Water 1 Omanyte
75%
Rock-Flying 1 Aerodactyl
72%
Steel-Rock 3 Aggron
72%
Poison 1 Arbok
72%
Normal 4 Arceus
72%
Steel-Rock 3 Aron
72%
Poison 1 Ekans
72%
Electric 3 Electrike
72%
Electric 1 Electrode
72%
Electric 2 Elekid
72%
Grass-Ice 4 Abomasnow
69%
Bug-Poison 2 Ariados
69%
Fire 2 Entei
69%
Rock-Bug 3 Anorith
67%
Rock-Bug 3 Armaldo
67%
Psychic 4 Azelf
67%
Electric 5 Eelektrik
67%
Electric 5 Eelektross
67%
Electric 4 Electivire
67%
Fire-Fighting 5 Emboar
67%
Water-Steel 4 Empoleon
67%
Water-Fairy 2 Azumarill
64%
Normal-Fairy 2 Igglybuff
64%
Fire-Fighting 4 Infernape
64%
Bug-Flying 2 Yanma
64%
Dark 3 Absol
61%
Dragon-Flying 3 Altaria
61%
Electric 2 Ampharos
61%
Rock-Flying 5 Archen
61%
Rock-Flying 5 Archeops
61%
Dragon 5 Axew
61%
Normal-Fairy 3 Azurill
61%
Psychic 4 Uxie
61%
Bug-Flying 4 Yanmega
61%
Normal 2 Aipom
58%
Normal 4 Ambipom
58%
Bug 3 Illumise
58%
Fire-Dark 7 Incineroar
58%
Water 2 Octillery
58%
Normal-Flying 5 Unfezant
58%
Psychic 2 Unown
58%
Normal 2 Ursaring
58%
Normal 5 Audino
56%
Electric-Flying 5 Emolga
56%
Ground-Steel 5 Excadrill
56%
Normal 3 Exploud
56%
Bug 5 Accelgor
53%
Water 5 Alomomola
53%
Water-Ice 8 Arctovish
53%
Electric-Ice 8 Arctozolt
53%
Water 8 Inteleon
53%
Varies-Flying 7 Oricorio
53%
Ice 6 Avalugg
50%
Bug-Steel 5 Escavalier
50%
Psychic 6 Espurr
50%
Poison-Dragon 8 Eternatus
50%
Dark-Fairy 8 Impidimp
50%
Dark-Psychic 6 Inkay
50%
Water 5 Oshawott
50%
Ghost 5 Yamask
50%
Dark-Flying 6 Yveltal
50%
Rock-Ice 6 Amaura
47%
Grass-Dragon 8 Appletun
47%
Grass-Dragon 8 Applin
47%
Rock-Ice 6 Aurorus
47%
Normal-Psychic 7 Oranguru
47%
Bug-Psychic 8 Orbeetle
47%
Steel-Ghost 6 Aegislash
44%
Grass-Poison 5 Amoonguss
44%
Water-Bug 7 Araquanid
44%
Fairy 6 Aromatisse
44%
Ice 8 Eiscue
44%
Fairy-Flying 8 Enamorus
44%
Psychic-Normal 8 Indeedee
44%
Dark-Normal 8 Obstagoon
44%
Electric 8 Yamper
44%
Psychic 9 Espathra
42%
Ground-Normal 8 Ursaluna
42%
Fighting-Dark 8 Urshifu
42%
Normal 7 Yungoos
42%
Psychic 5 Elgyem
39%
Normal 9 Oinkologne
39%
Fairy 8 Alcremie
36%
Fire-Psychic 9 Armarouge
36%
Water 8 Arrokuda
36%
Grass-Normal 9 Arboliva
33%
Grass 8 Eldegoss
33%
Dark-Poison 8 Overqwil
33%
Dragon-Ice 9 Arctibax
31%
Fighting-Ghost 9 Annihilape
28%
Steel 9 Orthworm
25%
No matching quizzes found
Score Distribution
Percent of People with Each Score
Percentile by Number Answered
Your Score History
You have not taken this quiz since the last reset